Devinez la Capitale Mystère #150 - Statistiques

Statistiques générales
  • Ce quiz a été pris 106 fois
  • Le résultat moyen est 25 sur 36
Statistiques - réponses
Type de Réponse Réponse % Correct
Lettre Trouvée A
100%
Lettre Trouvée I
100%
Lettre de l'Alphabet R
100%
Lettre de l'Alphabet E
99%
Lettre Trouvée N
99%
Lettre de l'Alphabet O
99%
Lettre Bien Placée A
98%
Lettre de l'Alphabet S
98%
Lettre de l'Alphabet L
96%
Lettre de l'Alphabet T
94%
Lettre de l'Alphabet B
93%
Lettre de l'Alphabet M
91%
Lettre Trouvée P
91%
Lettre de l'Alphabet G
88%
Lettre Trouvée D
86%
Lettre de l'Alphabet U
86%
Lettre de l'Alphabet C
83%
Lettre de l'Alphabet H
83%
Lettre de l'Alphabet K
79%
Lettre Trouvée W
74%
Lettre Bien Placée A
73%
Lettre de l'Alphabet V
69%
Lettre Trouvée Y
49%
Lettre de l'Alphabet J
47%
Lettre Bien Placée D
43%
Lettre de l'Alphabet Z
43%
Lettre de l'Alphabet X
42%
Lettre Bien Placée N
37%
Lettre Bien Placée I
36%
Lettre de l'Alphabet F
33%
Lettre Bien Placée Y
31%
Lettre de l'Alphabet Q
30%
Lettre Bien Placée P
27%
Capitale Mystère Naypyidaw
26%
Lettre Bien Placée W
26%
Lettre Bien Placée Y
26%
Aucun quiz correspondant
Distribution des résultats
% des personnes avec chaque résultat
Percentile par nombre de réponses
Votre historique - résultats
Vous n’avez pas pris ce quiz